000 00305nam a2200121Ia 4500
008 240521s2015 xx 000 0 und d
020 _a978-0-9793801-5-0
041 _aeng
100 _aOSCAR RIERA OJEDA
245 _aSASAKI- INTERSECTION & CONVERGENE
260 _bGRABGE BOOKS
_c2015
300 _a356
999 _c1161846
_d1161846